000 00801nam a22002177a 4500
999 _c15776
_d15776
003 OSt
005 20201123153443.0
008 181213b ||||| |||| 00| 0 eng d
022 _a0730-3084
040 _c0
082 _aDPer 613.705 J863 Sept 2015-Apr 2016 v. 86-87
100 _aLee, Seo Hee.
_942566
245 _a Tips for effectively utilizing paraprofessionals in physical education/
_cSeo Hee Lee, Justin A. Haegele, and Ferman Konukman-editor.
260 _aPhiladelphia:
_bShape America-Society of Health and Physical Educators,
_c©Sept 2015-Apr 2016.
300 _av87, n1, pages 46-48:
_billustrations;
_c28 cm.
500 _aJOPERD
650 _aPhysical education.
_933110
700 _aHaegele, J. A
_eAuthor.
_942599
700 _aKonukman, F.
_eEditor.
_942600
942 _2ddc
_cPER